000 00539nam a2200181 i 4500
001 151108
003 ES-MaACL
005 20230906203834.0
007 t|
008 071210s1919 xxk ||||1| eng d
080 _a821.15.09
100 1 _aArnold, Matthew.
_923111
245 1 0 _aOn the study of celtic literature and other essays /
_cby Matthew Arnold.
260 _aLondon :
_b[s.n.,
_c1919?] (
_fM. Dent)
300 _aXV, 260 p. ;
_c17 cm.
650 1 4 _aLiteratura celta-
_xHistoria y crítica.
_914520
852 _aES-MaACL
_jF-5376
999 _c151108
_d151108